Cliquez sur la bonne image - Japon - Statistiques

Statistiques générales
  • Ce quiz a été pris 1 030 fois
  • Le résultat moyen est 9 sur 15
Statistiques - réponses
Hint Explanation Réponse % Correct
Origami Art du pliage de papier
96%
Totoro Personnage de fiction
94%
Geisha Chanteuse, danseuse
87%
Sakura Cerisier
83%
Bento Boîte à repas
78%
Hirohito Empereur
63%
Hokkaido Île
58%
Dorayaki Pâtisserie
54%
Hiragana Alphabet
51%
Biwa Instrument de musique
46%
Uramaki Type de sushi
40%
Tepco Compagnie d'électricité
38%
Tachi Sabre
27%
Kano Fondateur du judo kodokan
25%
Ginza Quartier de Tokyo
23%
Aucun quiz correspondant
Distribution des résultats
% des personnes avec chaque résultat
Percentile par nombre de réponses
Votre historique - résultats
Vous n’avez pas pris ce quiz